| 000 | 00000nam##2200000za#4500 |
| 001 | 9.615850 |
| 003 | CaOODSP |
| 005 | 20210929082757 |
| 007 | ta |
| 008 | 150406|2002||||xxc||||| f|0| 0 eng|d |
| 020 | |a0-662-31476-X |
| 022 | |a1209-6571 |
| 040 | |aCaOODSP|beng |
| 043 | |an-cn--- |
| 086 | 1 |aFo29-47/28-2002E |
| 110 | 1 |aCanada. |bNatural Resources Canada. |bCanadian Forest Service. |
| 245 | 10|aSome management implications from an eastern white pine regeneration experiment|cby Darwin Burgess, Fred Pinto, and Suzanne Wetzel. |
| 260 | |aVictoria - British Columbia : |bNatural Resources Canada. |c2002. |
| 300 | |a6p. : |bgraphs, illus., references, tables ; |c28 cm. |
| 490 | 1 |aTechnology transfer note|x1209-6571|v28 |
| 563 | |aPamphlet |
| 590 | |a02-09|b2002-03-01 |
| 690 | 07|aReforestation|2gcpds |
| 690 | 07|aModel forests|2gcpds |
| 690 | 07|aForest management|2gcpds |
| 720 | 1 |aBurgess, Darwin |
| 720 | 1 |aPinto, Fred |
| 720 | 1 |aWetzel, Suzanne |
| 775 | 08|tExpérience sur la régéneration du pin blanc : |w(CaOODSP)9.625912 |
| 776 | 0#|tSome management implications from an eastern white pine regeneration experiment|w(CaOODSP)9.572383 |
| 830 | #0|aTechnology transfer note,|x1209-6571|v28|w(CaOODSP)9.514646 |